| 000 | 00558nam a2200169 4500 | ||
|---|---|---|---|
| 999 |
_c2991 _d2991 |
||
| 008 | 150807b xxu||||| |||| 00| 0 eng d | ||
| 020 | _a0205334350 | ||
| 050 | _aQP360 .C352 2001 | ||
| 100 | _aCarlson, Neil R. | ||
| 245 |
_aFoundations of physiological psychology/ _cNeil R. Carlson. |
||
| 250 | _a5th ed. | ||
| 260 |
_aLondon : _bAllyn and Bacon, _c2001. |
||
| 300 |
_axvi, 560 p.: _bill. (some col.); _c29 cm. |
||
| 504 | _aIncludes bibliographical references and index. | ||
| 650 | _aPsychophysiology | ||
| 650 | _aNervous system -- Physiology. | ||
| 942 |
_2lcc _cBOOKS _hQP360 .C352 2001 |
||